| 000 | 01012nam a22003257a 4500 | ||
|---|---|---|---|
| 001 | 000740 | ||
| 003 | DO-SdBNP | ||
| 005 | 20180209125925.0 | ||
| 007 | 000740 | ||
| 008 | 161124b 1991 sp a ||||| |||| 00| 0 spa d | ||
| 020 | _a8434808994 | ||
| 040 |
_aBPMSU _bspa _cBPMSU |
||
| 041 | 1 | 7 |
_aspa _heng |
| 100 | 1 | _aThiam, Djibi | |
| 240 | 1 |
_aMa soeur la panthère. _lEspañol |
|
| 245 | 1 | 0 |
_aMi hermana la pantera / _cDjibi Thiam ; traducción del francés, W. Caño ; ilustaciones, Antonio Tello. |
| 250 | _a12ª ed. | ||
| 260 |
_aMadrid : _bSM, _c1991. |
||
| 300 |
_a206 p. : _bil. ; _c19 cm. |
||
| 490 | 1 |
_aEl barco de vapor _v9 |
|
| 500 | _aPara niños a partir de 9 años | ||
| 500 | _aIncluye datos del autor | ||
| 500 | _aTraducción de: Ma soeur la panthère | ||
| 700 | 1 | 2 |
_aCaño, W., _etr. |
| 700 | 1 | 2 |
_aTello, Antonio, _d1951- _eil. |
| 830 | 0 |
_aEl barco de vapor ; _v9 |
|
| 942 |
_2ddc _cBK |
||
| 945 | _aInventariado, 2018/MFF | ||
| 956 |
_2LOPEREZ _310 _620161124 _8BPMSU _a00041 |
||
| 999 |
_c12091 _d12091 |
||